000
00308pam a2200121a 44500
008
230405s1997 xxu||||| |||| 00| 0 eng d
041
_a
ENG
100
_a
Hans peter schmuder Ed
245
_a
mehtods in Biotechnology
260
_a
_b
Taylor and francis group llc 270
_c
1997
300
_a
257
906
_a
9435
999
_c
299934
_d
299934